000 00310nam a2200109Ia 4500
008 201231s9999 xx 000 0 und d
100 _aSecretan, Lance H.K.
245 0 _aReclaiming higher round :creating organizations that inspire the soul
260 _aNew Delhi
_bResponse Books
300 _a258
942 _cBK
999 _c9532
_d9532